00660 2200181 4500245005900000020002200059250001100081100002100092700001900113650002000132005001900152260003300171041001400204084000800218300002300226500022000249336000900469 aInsya Allah , Aku Bisa SekolahcDul Abdul RahmanhText a978-602-255-808-8 aCet. 1 aDul Abdul Rahman aMisni Parjiati aNovel Indonesia a20231004120343 aYogyakartabDIVA Pressc2015 aIndonesia a813 a276 hlm. :c20 cm. a" Anakku, kebodohan akan mendekatkan seseorang pada kemiskinan. Lalu kemiskinan akan mendekatkan seseorang pada kekafiran."Itu nasehat Daeng marewa, ayah samadin. semangat yang membuat anak nelayan ini belajar giat. atext